Derecho aduanero mexicano
Guardat en:
| Autor principal: | |
|---|---|
| Format: | Llibre |
| Idioma: | espanyol |
| Publicat: |
Ciudad de México
Ediciones Fiscales ISEF
2000
|
| Edició: | 1a. ed |
| Matèries: | |
| Etiquetes: |
Afegir etiqueta
Sense etiquetes, Sigues el primer a etiquetar aquest registre!
|
MARC
| LEADER | 00000nam a2200000 a 4500 | ||
|---|---|---|---|
| 001 | UCI3532 | ||
| 003 | CL-VaPUC | ||
| 008 | 071109e20000000MX |||||||||||||||||spa|d | ||
| 020 | |a 9706760342 | ||
| 082 | 0 | 4 | |a 343.72056 |b ROH |2 21 |
| 100 | 0 | |a Rohde Ponce, Andrés |e author |9 524895 | |
| 245 | 1 | 0 | |a Derecho aduanero mexicano |
| 250 | |a 1a. ed | ||
| 300 | |a v | ||
| 942 | |c BK | ||
| 945 | |d 20071109 00:00:00 |a jtorresc | ||
| 260 | |a Ciudad de México |b Ediciones Fiscales ISEF |c 2000 | ||
| 500 | |a v.1: Fundamentos y regulaciones de la actividad aduanera | ||
| 500 | |a v.2: Regimenes, contribuciones y procedimientos aduaneros | ||
| 650 | 0 | |a Aduanas |9 255492 | |
| 650 | 0 | |a Derecho tributario |9 258895 | |
| 650 | 0 | |a Franquicias tributarias |9 384092 | |
| 650 | 0 | |a Derecho aduanero |9 324531 | |
| 650 | 7 | |a ORDENANZA DE ADUANAS |2 CL-VaPUC |9 357483 | |
| 650 | 0 | |a Jurisprudencia |9 255952 | |
| 650 | 7 | |a COMERCIO INTERNACIONAL |2 CL-VaPUC |9 524896 | |
| 650 | 7 | |a IMPORTACIONES |2 CL-VaPUC |9 359079 | |
| 651 | 0 | |a México |9 255269 | |
| 583 | |a last modification |c 20071109 00:00:00 |k Rodrigo Vera | ||
| 999 | |c 327685 |d 327683 | ||
| 952 | |0 0 |1 0 |4 0 |6 343_720560000000000_ROH_2000 |7 0 |8 A |9 410869 |a BIBDER |b BIBDER |d 2019-11-22 |h v.1 |i 438637K |o 343.72056 ROH 2000 |p 438637K |r 2023-01-25 |w 2019-11-22 |y BK |k DER | ||
| 952 | |0 0 |1 0 |4 0 |6 343_720560000000000_ROH_2000 |7 0 |8 A |9 410870 |a BIBDER |b BIBDER |d 2019-11-22 |h v.1 |i 4386388 |o 343.72056 ROH 2000 |p 4386388 |r 2023-01-25 |w 2019-11-22 |y BK |k DER | ||
| 952 | |0 0 |1 0 |4 0 |6 343_720560000000000_ROH_2000 |7 0 |8 A |9 410871 |a BIBDER |b BIBDER |d 2019-11-22 |h v.2 |i 4386396 |o 343.72056 ROH 2000 |p 4386396 |r 2023-01-25 |w 2019-11-22 |y BK |k DER | ||
| 952 | |0 0 |1 0 |4 0 |6 343_720560000000000_ROH_2000 |7 0 |8 A |9 410872 |a BIBDER |b BIBDER |d 2019-11-22 |h v.2 |i 438640K |o 343.72056 ROH 2000 |p 438640K |r 2023-01-25 |w 2019-11-22 |y BK |k DER | ||